|
|
|
|
| LEADER |
01261cam a22003371a 4500 |
| 001 |
000035631 |
| 003 |
11918 |
| 005 |
20221026145901.0 |
| 008 |
160318s2001 vm 000 eng |
| 020 |
|
|
|c 48000
|
| 040 |
|
|
|a lnn
|c lnn
|d lnn
|
| 041 |
0 |
|
|a eng
|
| 082 |
1 |
4 |
|a 420
|b ES-M
|
| 100 |
1 |
|
|a Espeseth, Miriam.
|
| 245 |
0 |
0 |
|a Academic listening encounters :
|b Listeing, Note taking, and Discussion = Những bài tập nghe tiếng Anh có chủ đề học thuật /
|c Miriam Espeseth ; Lê Huy Lâm dịch và chú giải.
|
| 246 |
0 |
1 |
|a Những bài tập nghe tiếng Anh có chủ đề học thuật.
|
| 260 |
|
|
|a Tp.HCM :
|b Nxb Tp.HCM,
|c 2001.
|
| 300 |
|
|
|a 407tr. ;
|c 20cm.
|
| 630 |
0 |
4 |
|a Anh ngữ.
|
| 650 |
0 |
4 |
|a Anh ngữ
|x Kỹ năng nghe.
|
| 700 |
1 |
|
|a Lê Huy Lâm,
|e dịch.
|
| OWN |
|
|
|a LNN
|
| AVA |
|
|
|a UDN50
|b LNN
|c English
|d 420 ES-M
|e available
|t Error 5001 Not defined in file expand_doc_bib_avail.
|f 3
|g 0
|h N
|i 0
|j AN
|
| 999 |
|
|
|a From the UDN01
|
| AVA |
|
|
|a UDN50
|b LNN
|c English
|d 420 ES-M
|e available
|t Error 5001 Not defined in file expand_doc_bib_avail.
|f 3
|g 0
|h N
|i 0
|j AN
|
| TYP |
|
|
|a Monograph
|
| TYP |
|
|
|a Printed language
|
| 980 |
|
|
|a Mạng thư viện Đại học Đà Nẵng
|